Kapitoly metodologie sociálních výzkumů

Salvato in:
Dettagli Bibliografici
Autore principale: Reichel, Jiří (Autore)
Natura: Libro
Lingua:ceco
Pubblicazione: Praha : Grada Publishing, 2009
Soggetti:
Accesso online:OBSAH
Tags: Aggiungi Tag
Nessun Tag, puoi essere il primo ad aggiungerne!!

MARC

LEADER 00000nam a22000003a 4500
001 stu210088
005 20190206132452.7
008 100827s2009----xr------------------cze-d
020 |a 978-80-247-3006-6 
040 |a STU  |b slo 
041 0 |a cze 
044 |a xr 
080 |a 316 
100 1 |a Reichel, Jiří  |4 aut 
245 1 |a Kapitoly metodologie sociálních výzkumů 
260 |a Praha :  |b Grada Publishing,  |c 2009 
300 |a 184 s 
650 7 |a sociálny výskum  |2 stusub 
856 4 |a https://sweb.mtf.stuba.sk/obsahy/kapitoly_metodologie_soc_vyzkumu_09  |u https://sweb.mtf.stuba.sk/obsahy/kapitoly_metodologie_soc_vyzkumu_09  |3 OBSAH 
996 |b 284M046594  |c M*12774-1  |l MMST  |s A  |a 24  |w stu210088_0001 
996 |b I6266  |c I*6266  |l II680  |s A  |a 24  |w stu210088_0002